000
00426cam a2200181ua 4500
041
_a
eng
_h
082
_a
823.301
_b
HAI/EL
100
_a
Haig Brown, Hilda .
245
_a
Elight tales /
_c
Hilda haig brown.
_h
Textual Documents
260
_a
London :
_b
Longman ,
_c
1958.
300
_a
64 ; .
504
_a
942
_c
BK
999
_c
4340
_d
4340